Bailes tradicionales argentinos : el escondido /

Guardado en:
Autor Principal: Vega, Carlos
Formato: Libro
Publicado: Buenos Aires : J. Korn, 1952
Edición:3a. ed.
Materias:
Etiquetas: Agregar Etiqueta
Sin Etiquetas, Sea el primero en etiquetar este registro!
LEADER 00513nam a22001815a 4500
001 CEM.cems006496
005 20060214000000.0
008 130507s1952##################000#0#####d
003 CEMS
082 0 4 |a 793.31 
100 1 |a Vega, Carlos 
245 1 0 |a Bailes tradicionales argentinos :  |b el escondido / 
250 |a 3a. ed. 
260 |a Buenos Aires :  |b J. Korn,  |c 1952 
300 |a 30 p. 
653 |a Bailes-el escondido 
653 |a Danzas folkloricas 
859 |a CEMS  |b BIB. CEMS - 11 de abril  |h 793.31  |i V522-7a3  |p 6973.79  |t Ej.1